000 00290nam a22001337a 4500
008 171002b xxu||||| |||| 00| 0 eng d
020 _a9780801330797
041 _aeng
080 _25TH
_a37
100 _a47
101 _aEDU
245 _aFIELD EXPERIENCE
_cPOSNER,G.J
942 _2udc
_cBK
999 _c31067
_d31067